000 00805nab a22002417a 4500
001 11147
003 HDC
007 cr bn ---aaaaa
008 210128c99999999my ||||o |||| 00| 00eng d
040 _aHDC
100 _aWhitehead, RJ,
_eauthor
_910388
245 0 _aHalal certifier:
_bWe could cover medicine, but only if there's no panic /
_cRJ Whitehead
336 _atext
_2rdacontent
337 _acomputer
_2rdamedia
338 _aonline resource
_2rdacarrier
650 _aHalal food industry
_9128
650 _aIslamic law
_9590
710 _aNutraIngredients
856 _zRequest full-text at [email protected]
942 _2lcc
942 _cNEWS
942 _kNWSO 001498
999 _c8470
_d8470